Biotechnology and plant breeding (Record no. 1208810)

MARC details
000 -LEADER
fixed length control field 00916nam a2200301Ia 4500
003 - CONTROL NUMBER IDENTIFIER
control field OSt
005 - DATE AND TIME OF LATEST TRANSACTION
control field 20221007121359.0
008 - FIXED-LENGTH DATA ELEMENTS--GENERAL INFORMATION
fixed length control field 221006b |||||||| |||| 00| 0 eng d
020 ## - INTERNATIONAL STANDARD BOOK NUMBER
International Standard Book Number 9780124186729 (hbk)
037 ## - SOURCE OF ACQUISITION
Terms of availability Textual
040 ## - CATALOGING SOURCE
Original cataloging agency BDL
Transcribing agency BDL
Language of cataloging eng
041 ## - LANGUAGE CODE
Source of code eng
Language code of text/sound track or separate title eng
100 ## - MAIN ENTRY--PERSONAL NAME
Personal name Borem Aluizio Ed.
245 #0 - TITLE STATEMENT
Title Biotechnology and plant breeding
Remainder of title Fritsche-Neto Roberto Ed.
260 ## - PUBLICATION, DISTRIBUTION, ETC.
Place of publication, distribution, etc. London
Name of publisher, distributor, etc. Academic Press
Date of publication, distribution, etc. 2014
300 ## - PHYSICAL DESCRIPTION
Extent xi, 257p. ill.
Dimensions cm.
500 ## - GENERAL NOTE
General note Index 249-25p.
650 ## - SUBJECT ADDED ENTRY--TOPICAL TERM
Topical term or geographic name entry element Double haploids
9 (RLIN) 711712
650 ## - SUBJECT ADDED ENTRY--TOPICAL TERM
Topical term or geographic name entry element Transgenic plants
9 (RLIN) 458167
650 ## - SUBJECT ADDED ENTRY--TOPICAL TERM
Topical term or geographic name entry element Genes prospection
9 (RLIN) 711713
700 ## - ADDED ENTRY--PERSONAL NAME
Personal name Fritsche-Neto Roberto Ed.
942 ## - ADDED ENTRY ELEMENTS (KOHA)
Classification part I:(G:F), Q4 Carb
Koha item type Textual
Source of classification or shelving scheme Colon Classification (CC)
Holdings
Withdrawn status Lost status Source of classification or shelving scheme Damaged status Not for loan Home library Current library Date acquired Total Checkouts Full call number Barcode Date last seen Price effective from Koha item type
    Colon Classification (CC)     Department of Botany Library Department of Botany Library 2022-10-07   I:(G:F) Q4 Carb BD0005870 2022-10-07 2022-10-07 Textual
Copyright @ Delhi University Library System